Cambodia Concluded; Now It's Time to Negotiate : A Report to the Nation /

Guardado en:
Bibliografiske detaljer
Institution som forfatter: EUA. Presidente. 1968-1974 (Nixon)
Andre forfattere: Nixon, Richard (autor) (autor)
Format: Bog
Sprog:engelsk
Udgivet: Washington, EUA : editorial no identificada, 1970
Tags: Tilføj Tag
Ingen Tags, Vær først til at tagge denne postø!

MARC

LEADER 00000nam^a2200000^a^4500
001 000438387
005 20250526000000.0
009 20260310123244.736
037 |a Acervo ITESO - Biblioteca 
041 |a ING 
091 |a FHM. 08797 
110 |a EUA.  |b Presidente. 1968-1974 (Nixon) 
245 1 0 |a Cambodia Concluded; Now It's Time to Negotiate :  |b A Report to the Nation / 
264 1 |a Washington, EUA :  |b editorial no identificada,  |c 1970 
300 |a 28 p. ;  |c 23.0 cm. 
336 |a texto  |b txt  |2 rdacontenido 
337 |a sin mediación  |b n  |2 rdamedio 
338 |a volumen  |b nc  |2 rdasoporte 
649 |a XX 
700 |a Nixon, Richard  |e (autor) 
910 |a Fondo Hugo B. Margáin 
920 |a Impresos - Libros 
930 |a Libros Antiguos y Raros 
905 |a 126 
901 |a 0500314218  |b IT2  |c LRA  |i D118141  |u 20250526 
902 |a https://opac.biblio.iteso.mx/vufind/Record/000438387